JCT 80 and the builder:An Introduction

Bibliographic Details
Main Author: Dickason, Ivan
Format: Book
Published: Great Britain : The Chartered Institute of Building , 1982
Subjects:

MARC

LEADER 00000cam a2200000 7i4500
001 0000007998
005 20161229.0
020 |a 0906600774 
040 |a INS 
090 0 0 |a TH425   |b D53 1982 
100 0 |a Dickason, Ivan 
245 0 0 |a JCT 80 and the builder:An Introduction   |c Ivan Dickason FCIOB 
260 |a Great Britain :   |b The Chartered Institute of Building ,   |c 1982 
300 |a 211p. ;   |c 30 cm. 
650 0 0 |a Construction Contracts   |z Great Britain 
999 |a 0000022938   |b BOOK   |c Open Shelf   |e Default branch 
999 |a 0000029938   |b BOOK   |c Open Shelf   |e Default branch